Business :an integrative framework (Record no. 1941)
[ view plain ]
| 000 -LEADER | |
|---|---|
| fixed length control field | 01367pam a2200169 a 4500 |
| 020 ## - INTERNATIONAL STANDARD BOOK NUMBER | |
| ISBN | 0256236127 |
| 050 00 - CALL NUMBER | |
| Classification number | HD31 |
| Item number | F79 |
| 100 1# - AUTHOR | |
| Personal name | Fry, Fred L. |
| 245 10 - TITLE | |
| Title | Business :an integrative framework |
| Remainder of title | an integrative framework |
| Statement of responsibility, etc | Fred L. Fry, Charles R. Stoner, Richard E. Hattwick. |
| 260 ## - PUBLICATION INFORMATION | |
| Place of publication | Boston : |
| Name of publisher | Irwin/McGraw-Hill, |
| Year of publication | 1998. |
| 300 ## - DESCRIPTION | |
| Number of Pages | xxxix, 602 p. : |
| Other physical details | ill. ; |
| Dimensions | 26 cm. |
| 505 ## - FORMATTED CONTENTS NOTE | |
| Table of Content | Part 1 The integrative nature of business:<br/> the nature of business; <br/>the scope of business today;<br/> decision makers and decision making; <br/>the links between business and its stakeholders.<br/> Part 2 The impact of external force:<br/> diversity and social patterns:<br/> economic forces;<br/>global influences<br/> the impact of financial markets and processes;<br/> the impact of legal and regulatory forces; the impact of industry structure and dynamics.<br/> Part 3 Providing excellence in goods and services;<br/> determining the direction of the form;<br/>providing value for the customer; <br/>acquisition and use of resources;<br/> integrating activities and building commitment;<br/> the use of emerging technology in producing quality products and services.<br/> Part 4 Assessment and continuous improvement;<br/> measuring performance; <br/>promoting change and renewal. |
| 650 #0 - SUBJECTS | |
| Topical Term | Industrial management |
| General subdivision | Case studies. |
| 700 1# - OTHER AUTHORS | |
| Personal name | Stoner, Charles R. |
| 700 1# - OTHER AUTHORS | |
| Personal name | Hattwick, Richard E. |
| 942 ## - ADDED ENTRY ELEMENTS (KOHA) | |
| Koha item type | Books |
| Withdrawn status | Lost status | Home library | Current library | Shelving location | Date acquired | Full call number | Accession Number | Koha item type | Collection code |
|---|---|---|---|---|---|---|---|---|---|
| Methodist University Library Main | Methodist University Library Main | General Stacks | 08/08/2002 | HD31 F79 | 25296 | Books | Non-fiction | ||
| Methodist University Library Tema | Methodist University Library Tema | General Stacks | 08/08/2002 | HD31 F79 | 25295 | Books | |||
| Methodist University Library Tema | Methodist University Library Tema | General Stacks | 08/08/2002 | HD31 F79 | 23027 | Books | |||
| Methodist University Library Tema | Methodist University Library Tema | General Stacks | 08/08/2002 | HD31 F79 | 23026 | Books |